000 00501nam a22001937a 4500
005 20221228143310.0
008 221228b ||||| |||| 00| 0 eng d
020 _a9788170147619
040 _cAL
041 _aEnglish
082 _223
_a346.066
_bKAPC
100 _aN D Kapoor
_967845
245 _aCorporate and other Laws
260 _aNew Delhi
_bSultan Chand and sons
_c2000
300 _a448 p.
_bPB
_c21x13 cm.
650 _alaw
_967846
700 _aKAPOOR (N D)
_967847
942 _2ddc
_cDB
999 _c226105
_d226105